[Event "Hannibal Online op U14"]
[Site "Chess.com INT"]
[Date "2020.06.06"]
[Round "6"]
[White "Jaivardhan, Raja Pilla"]
[Black "Bacalu, Silviu"]
[Result "1-0"]
[WhiteElo "1590"]
[BlackElo "1310"]
[PlyCount "109"]
[EventDate "2020.06.01"]
[EventType "swiss"]
[EventRounds "9"]
[EventCountry "MDA"]
[SourceTitle "CBM 196 Extra"]
[Source "ChessBase"]
[SourceDate "2020.07.31"]
[SourceVersion "1"]
[SourceVersionDate "2020.07.31"]
[SourceQuality "1"]

1. e4 e5 2. d4 Nc6 3. Nf3 d6 4. Bb5 Nge7 5. dxe5 dxe5 6. Nxe5 Qxd1+ 7. Kxd1 a6 8. Bxc6+ Nxc6 9. Nxc6 bxc6 10. f3 Bc5 11. Bf4 Bd6 12. e5 Bc5 13. Nd2 0-0 14. Re1 a5 15. c3 Ba6 16. Be3 Bxe3 17. Rxe3 Rfe8 18. Kc2 Re6 19. Rae1 Rd8 20. f4 Rde8 21. Nb3 Bb5 22. Nc5 R6e7 23. b3 Ra8 24. Rd1 h6 25. c4 Ba6 26. Red3 Ree8 27. Rd7 Bc8 28. Rxc7 Bf5+ 29. Kc1 Rac8 30. Ra7 Ra8 31. Rxa8 Rxa8 32. h3 h5 33. Kb2 Kf8 34. Rd6 Rc8 35. Nb7 Be4 36. g3 Ra8 37. Nc5 Bf3 38. Rd3 Be2 39. Rd2 Bf3 40. e6 fxe6 41. Nxe6+ Ke7 42. Nd4 Rd8 43. Nxf3 Rxd2+ 44. Nxd2 Kd6 45. Ne4+ Kc7 46. g4 hxg4 47. hxg4 Kd7 48. f5 Ke7 49. g5 Kf7 50. c5 Ke7 51. Nd6 Kd7 52. f6 gxf6 53. g6 Ke6 54. g7 Ke5 55. g8Q 1-0